Visualizzazione normale
Vista MARC
- Alberione,Giacomo
di Personal Name
Records bibliografici associati: 1
001 - CONTROL NUMBER
- control field: 29
003 - CONTROL NUMBER IDENTIFIER
- control field: IT-RoPau
005 - DATE AND TIME OF LATEST TRANSACTION
- control field: 20121110110147.0
008 - FIXED-LENGTH DATA ELEMENTS
- fixed length control field: 121110|| aca||aabn | a|a d
040 ## - CATALOGING SOURCE
- Original cataloging agency: IT-RoPau
- Transcribing agency: IT-RoPau
100 ## - HEADING--PERSONAL NAME
- Personal name: Alberione,Giacomo
- Fuller form of name: Prediche alle Pie Discepole del Divin Maestro
670 ## - SOURCE DATA FOUND
- Source citation: Work cat.: (IT-RoPau): Alberione,Giacomo Prediche alle Pie Discepole del Divin Maestro, Prediche tenute alle Pie Discepole del Divin Maestro, ?1960?